| 000 | 00772nam a2200229 a 4500 | ||
|---|---|---|---|
| 001 | 47320 | ||
| 003 | BD-RjUL | ||
| 005 | 20211209054308.0 | ||
| 008 | 160808s1971 bg ||||| |||| 00| 0 ben d | ||
| 020 | _c: Tk. 8.50 | ||
| 035 | _a(BD-RjUL)47439 | ||
| 040 |
_aBD-RjUL _bben _cBD-RjUL _dBD-RjUL |
||
| 041 | _aben | ||
| 082 |
_223 _a336.24 _bNUA 1971 |
||
| 100 |
_aনুরুন্নবী, এম _9135832 |
||
| 245 | 1 | 0 |
_aআয়কর আইন = (Income-tax law) / _cএম নুরুন্নবী |
| 260 |
_aরাজশাহী : _bওরিয়েণ্ট লাইব্রেরী, _c১৯৭১ |
||
| 300 |
_avi, ৩১৪ পৃ. ; _c২১ সেমি. |
||
| 650 |
_aআয় কর _9135833 |
||
| 650 |
_aIncome taxes _9135834 |
||
| 942 |
_2ddc _cBK |
||
| 999 |
_c47320 _d47320 |
||